Ekonomika a marketing obnoviteľných nosičov energie v Poľnohospodárskom družstve Kapušany bakalárska práca

Na minha lista:
Detalhes bibliográficos
Autor principal: Luptáková, Alžbeta, 1988-
Autor Corporativo: Podnikovohospodárska fakulta EU so sídlom v Košiciach. Katedra marketingu a obchodu
Outros Autores: Polák, Matej
Formato: Livro
Idioma:eslovaco
Publicado em: Košice 2011
Tags: Adicionar Tag
Sem tags, seja o primeiro a adicionar uma tag!

MARC

LEADER 00000nbm a2200000 4500
001 0139427
005 20161109111622.0
041 0 |a slo 
044 |a SK 
245 1 0 |a Ekonomika a marketing obnoviteľných nosičov energie v Poľnohospodárskom družstve Kapušany  |b bakalárska práca  |c Alžbeta Luptáková ; školiteľ: Matej Polák 
264 1 |a Košice  |c 2011 
300 |a 56 s. 
100 1 |a Luptáková, Alžbeta, 1988- 
700 1 |a Polák, Matej 
710 2 |a Podnikovohospodárska fakulta EU so sídlom v Košiciach. Katedra marketingu a obchodu